000 00826nam a2200301 a 4500
003 AR-BaBNM
005 20251128204059.0
008 082120s2002 ||||||||||||||000 | spa||
040 _cAR-BaBNM
100 1 _aDarío, Ruben
245 0 0 _aCanción de otoño en primavera
_by otros poemas
260 _aBuenos Aires
_bCentro Editor de América Latina
_c1987
300 _a31 p.
_bil.
490 0 _aLos grandes poetas
_vv. 2
650 4 _aPOETAS
650 4 _aPOESIA
650 4 _aANALISIS LITERARIO
650 4 _aCRITICA LITERARIA
650 4 _aBIOGRAFIAS
653 _aLITERATURA NICARAGÜENSE
653 _aMODERNISMO
655 _aLITERATURA
700 1 _aFreidemberg, Daniel
_ecompilador
700 1 _aCarletti, Alicia
_eilustrador
800 1 _aLafforgue, Jorge
_edirector
942 _cBK
998 _cEthel
999 _c6086
_d6086